Statistics for Marvel- All X-Men

Click here to take the quiz!

General Stats

  • This quiz has been taken 832 times
  • The average score is 44 of 169

Answer Stats

Name% Correct
James Howlett/Wolverine/Logan
96%
Scott Summers/Cyclops
95%
Laura Kinney/Wolverine
94%
Jean Grey/White Phoenix of The Crown/Marvel Girl
93%
Prof. Charles Xavier/Professor X
93%
Henry McCoy/Beast/Dark Beast
92%
Joseph/Magneto
92%
Max Eisenhardt/Magneto
91%
Ororo Munroe/Storm
90%
Robert Drake/Iceman
89%
Warren Worthington III/Archangel/Angel
87%
Anna Marie/Rogue
86%
Kurt Wagner/Nightcrawler
84%
Piotr Rasputin/Colossus
83%
Raven Darkholme/Mystique
83%
Katherine Pryde/Shadowcat
79%
Remy LeBeau/Gambit
77%
Alexander Summers/Havok
75%
Elizabeth Braddock/Psylocke
73%
Emma Frost/White Queen
71%
Nathan Summers/Cable
71%
Jubilation Lee/Jubilee
68%
Sean Cassidy/Banshee
66%
Wade Wilson/Deadpool
65%
Cain Marko/Juggernaut
60%
Victor Creed/Sabretooth
60%
Lucas Bishop
59%
Lorna Dane/Polaris
57%
Roberto Da Costa/Sunspot
57%
Illyana Rasputina/Magik
54%
Samuel Guthrie/Cannonball
52%
Alison Blaire/Dazzler
49%
Mortimer Toynbee/Toad
49%
Neena Thurman/Domino
47%
James Proudstar/Warpath
45%
John Proudstar/Thunderbird
44%
Armando Muñoz/Darwin
43%
Clarice Ferguson/Blink
43%
Neal Shaara/Thunderbird
43%
Shiro Yoshida/Sunfire
43%
Rahne Sinclair/Wolfsbane
42%
Forge
41%
Rachel Summers/Mother Askani/Marvel Girl/Revenant
39%
Amara Aquilla/Magma
36%
Longshot
36%
Danielle Moonstar/Mirage
35%
Calvin Rankin/Mimic
34%
Douglas Ramsay/Cypher
34%
Megan Gwynn/Pixie
33%
Warlock
32%
Namor McKenzie/Sub-Mariner
31%
Paige Guthrie/Husk
31%
Sarah/Marrow
31%
Xi'an Coy Manh/Karma
31%
David Haller/Legion
30%
Jean-Paul Beaubier/Northstar
30%
Tabitha Smith/Boom-Boom
30%
Hisako Ichiki/Armor
29%
Gabriel Summers/Vulcan
27%
Hope Summers/MeMe
27%
Jonothon Starsmore/Chamber
26%
Changeling
25%
Kuan-Yin Xorn
25%
Angelica Jones/Firestar
24%
Jeanne-Marie Beaubier/Aurora
24%
Caliban
22%
Japheth/Maggott
22%
Michael Pointer/Omega
22%
Tandy Bowen/Dagger
22%
Tyrone Johnson/Cloak
22%
Lockheed
21%
Danger Room
20%
Kwannon/Revanche
20%
Santo Vaccarro/Rockslide
20%
Dr. Cecilia Reyes
19%
Quintavius Quire/Kid Omega
19%
Sage
19%
Joshua Foley/Elixir
18%
Regan Wyngarde/Lady Mastermind
18%
Victor Borkowski/Anole
18%
Heather Cameron/Lifeguard
17%
Julian Keller/Hellion
16%
Peter Parker/Spider-Man
16%
Sebastian Shaw/Black King
16%
James Bradley/Doctor Nemesis
15%
Karima Shapandar/Omega Sentinel
15%
Noriko Ashida/Surge
15%
Petra Kristinson
15%
David Alleyne/Prodigy
14%
Hepzibah
14%
Suzanne Chan/Sway
14%
Cessily Kincade/Mercury
13%
Madison Jeffries/Box
13%
Robert Herman/Glob Herman
13%
Ava'Dara Naganandini/Warbird
12%
Joanna Cargill/Frenzy
12%
Eric Gitter/Ink
11%
Trevor Hawkins/Eye-Boy
11%
Alisa Tager/Cipher
10%
Broo
10%
E.V.A
10%
Roxanne Washington/Bling!
10%
Ruth Aldine/Blindfold
10%
Ariel
9%
Fabio Medina/Goldballs
9%
Iara Dos Santos/Shark-Girl
9%
Martha Johansson/No-Girl
9%
Monet St. Croix/M
9%
Ben Hammil/Match
8%
Eva Bell/Tempus
8%
Gateway
8%
Hector Rendoza/Wraith
8%
Idie Okonkwo/Oya
8%
Kubark/Kid Gladiator
8%
Leyu Yoshida/Sunpyre
8%
Nezhno Abidemi/Gentle
8%
Alani Ryan/Loa
7%
Doop
7%
Gabriel Cohuelo/Velocidad
7%
Krakoa III
7%
Lin Li/Nature Girl
7%
Ernst
6%
Hope Abbott/Trance
6%
Irma Cuckoo/Mindee
6%
Jia Jing/Sprite
6%
Jonas Graymalkin
6%
Phoebe Cuckoo
6%
Evan Sabahnur/Genesis
5%
Kenji Uedo/Zero
5%
Paras Gavaskar/Indra
5%
Sidney Green/Onyxx
5%
Celeste Cuckoo
4%
Paul Provenzano/Omerta
4%
Teon Macik/Primal
4%
Cerebra
3%
Christopher Muse/Triage
3%
Christoph Nord/Maverick
3%
David Bond/Hijack
3%
Deathlok Prime
3%
Dr. Kavita Rao/Petri-Girl
3%
ForgetMeNot
3%
Barnell Bohusk/Barry Bohusk
2%
Benjamin Deeds
2%
Candace Southern/Candy Southern
2%
Charlie Cluster-7/Cluster
2%
Crosta
2%
Irina Clayton/Choir
2%
Rico/Scorpion Boy
2%
Simon Williams/Wonder Man
2%
Spider-Girl
2%
Face
1%
Katherine Power/Energizer
1%
Laurie Tromette/Trasonic
1%
Manuel Enduque/White King
1%
Marisol Guerra/Creep
1%
Maya Jackson/Lucid
1%
Shen Xorn
1%
Brightwind
0%
Fiz
0%
Joseph Bricklemoore/Tri-Joey
0%
Josephine Bricklemoore/Squid-Face
0%
Karasu-Tengu
0%
Kymera
0%
Luca Aldine
0%
Maximilian Frankenstein/Dr. Frankenstein
0%
Sojobo-Tengu
0%
Thomas Jones/Alchemy
0%
Yuriko Takiguchi
0%
Ziggy Karst
0%

Score Distribution

Percentile by Number Answered

Percent of People with Each Score

Your Score History

You have not taken this quiz